Analýza obratu obchodných reťazcov v SR

Obchod s potravinami v SR a proces etablovania obchodných reťazcov. Podstata a najrozšírenejšie formy maloobchodného predaja. Faktory determinujúce výšku obratu. Inovácia klasickej štruktúry obchodu, nové pravidlá a systém predaja.

Uložené v:
Podrobná bibliografia
Hlavný autor: Kissová, Jana, 1979-
Médium: Kapitola
Jazyk:Slovak
Predmet:
Tagy: Pridať tag
Žiadne tagy, Buďte prvý, kto otaguje tento záznam!

MARC

LEADER 00000naa$a2200000$$$4500
001 0173823
005 20240502072949.9
041 0 |a slo 
044 |a SK 
245 1 0 |a Analýza obratu obchodných reťazcov v SR  |c Jana Kissová 
520 |a Obchod s potravinami v SR a proces etablovania obchodných reťazcov. Podstata a najrozšírenejšie formy maloobchodného predaja. Faktory determinujúce výšku obratu. Inovácia klasickej štruktúry obchodu, nové pravidlá a systém predaja. 
610 2 0 |a reťazce obchodné 
610 2 0 |a supermarkety 
610 2 0 |a hypermarkety 
610 2 0 |a maloobchod 
610 2 0 |a potraviny 
610 2 0 |a obrat maloobchodný 
610 2 0 |a značky maloobchodné 
100 1 |a Kissová, Jana, 1979-